00362 a2200133 450000100060000002000180000604000220002410000220004624000630006824500580013130000080018936200090019765000220020660242 a9788504007947 cAnchieta - Pituba aRicieri, Francine10aAntologia da poesia simbolista e decadente brasileiralpor10aAntologia da poesia simbolista e decadente brasileira a2230 a2007 4aPoesia brasileira